Základné postuláty trhu práce vo vzťahu k celoživotnému vzdelávaniu

Guardado en:
Detalles Bibliográficos
Autor principal: Matulčíková, Marta, 1964-
Otros Autores: Srna, Otakar, Strižencová, Michaela
Formato: Libro
Lenguaje:eslovaco
Publicado: Bratislava Ekonomická univerzita, VÚNH 1999
Colección:Štúdie
Materias:
Etiquetas: Agregar Etiqueta
Sin Etiquetas, Sea el primero en etiquetar este registro!

MARC

LEADER 00000nam a2200000 4500
001 c123710
005 20240502071319.3
022 |a 1335-1419 
041 0 |a slo 
044 |a SK 
245 1 0 |a Základné postuláty trhu práce vo vzťahu k celoživotnému vzdelávaniu  |c Marta Matulčíková, Otakar Srna, Michaela Strižencová 
264 1 |a Bratislava  |b Ekonomická univerzita, VÚNH  |c 1999 
300 |a 121 s. 
490 1 |a Štúdie 
830 0 |a Štúdie 
610 2 0 |a trh práce 
610 2 0 |a vzdelávanie 
610 2 0 |a vzdelávanie ďalšie 
610 2 0 |a vzdelávanie permanentné 
610 2 0 |a zvyšovanie kvalifikácie 
610 2 0 |a kapitál ľudský 
610 2 0 |a podnikanie 
610 2 0 |a Slovensko 
100 1 |a Matulčíková, Marta, 1964- 
700 1 |a Srna, Otakar 
700 1 |a Strižencová, Michaela